01462nam a2200277 a 4500001001000000005001700010008004100027041000800068044000700076084002000083100004500103245008700148260004600235300001700281500028400298500006800582500020200650500001000852546002500862650005200887650005600939650003400995650004501029700006001074740005001134BRCA_303720190320204059.0210109s1768----fr-#---###---#000-0#fre-u afre afr a346b.L54c17681 aCervantes Saavedra, Miguel ded1547-161610aHistoire de L´Admirable Don Quichotte de la ManchecMiguel de Cervantes Saavedra. aParísbLa compagnie des librairesc1768 a6 v.c18 cm. aContenido : v 1. Primera parte. Dedicatoria. Advertencia del traductor. Prólogo del autor. Texto. -- v 2. Texto. -- v 3. Segunda parte. Texo. -- v 4. Texto. -- v 5. Primera parte de la continuación por el traductor. -- v 6. Segunda parte de la continuación por el traductor aEdición : Nouvelle edition revueé corrigée et augmentée aReproducción de la impresa en París en 1752, a cargo de los Libreros asociados, que contiene la traducción del prólogo a la primera parte. Piel; lomos adornados con dorados Lúdovik Osterc aQM128 aTexto en : francés14aNovela españolayÉpoca clásica, 1500-170014aLiteratura españolayÉpoca clásica, 1500-170014aNovela españolaySiglo XVII14aDon Quijote (Personaje ficticio)eNovela1 aSaint-Martin, Francois Filleau ded1632-1695eTraductor0 aEl Ingenioso Hidalgo Don Quijote de la Mancha